| 000 | 01144nam a2200337 i 4500 | ||
|---|---|---|---|
| 001 | 11470 | ||
| 003 | KOSZ 005 | ||
| 005 | 20220517134058.0 | ||
| 008 | 071121s1966 pl a f f 001 0 pol | ||
| 015 | _aPB 1967/3390 | ||
| 040 |
_aWA N _cWA N _dKOSZ 005/RW _dKOSZ 005/HR |
||
| 046 | _k1965 | ||
| 080 | _a159.922 | ||
| 080 | _a(07) | ||
| 245 | 0 | 0 |
_aPsychologia rozwojowa dzieci i młodzieży : _b[opracowanie zbiorowe] / _cpod red. Marii Żebrowskiej ; [aut. Zofia Babska et al.]. |
| 250 | _aWyd. 2. | ||
| 260 |
_aWarszawa : _bPaństwowe Wydawnictwo Naukowe, _c1966. |
||
| 300 |
_a515, [1] s. : _bil. ; _c25 cm. |
||
| 380 | _aKsiążki | ||
| 388 | _a1901-2000 | ||
| 388 | _a1945-1989 | ||
| 504 | _aBibliogr. przy rozdz. Indeks. | ||
| 650 | 4 | _aPsychologia rozwojowa | |
| 655 | 4 | _aPodręcznik | |
| 658 | _aPsychologia | ||
| 700 | 1 |
_aŻebrowska, Maria _d(1900-1978) _eRedakcja |
|
| 700 | 1 |
_aBabska, Zofia _eAutor |
|
| 710 | 2 |
_aPaństwowe Wydawnictwo Naukowe _4pbl. |
|
| 856 |
_uhttp://koha.tu.koszalin.pl/cgi-bin/koha/opac-detail.pl?biblionumber=11470 _yKatalog online BPK |
||
| 942 |
_2UKD _cKS |
||
| 999 |
_c11470 _d11470 |
||